| 000 | 00541nam a22001697a 4500 | ||
|---|---|---|---|
| 005 | 20251108131755.0 | ||
| 008 | 251108b |||||||| |||| 00| 0 eng d | ||
| 020 | _a9781579321901 | ||
| 050 |
_aTL210 _b.A83 |
||
| 245 |
_aAutomotive Engine Repair and Rebuilding _cRichard K. DuPuy, editor Michael Monaghan, managing editor |
||
| 250 | _a3rd ed. | ||
| 260 |
_aSunnyvale, CA _bChek-Chart Publications _c1999 |
||
| 300 |
_avii. 423p. _bill. _c27.5cm |
||
| 700 | _aDuPuy, Richard K. | ||
| 700 | _aMonaghan, Michael | ||
| 942 |
_2lcc _cBK _e3rd ed. _n0 |
||
| 999 |
_c8151 _d8151 |
||